Geography Quiz

Random Geography or State Quiz

Progressively Harder US State Capitals Quiz Stats

 Plays Quiz Updated Nov 3, 2015

Support Sporcle.
Go Orange.
Score 0/50 Timer 10:00
1 Play Today
% Correct
Sacramento, California
98.1%
Austin, Texas
97.1%
Honolulu, Hawaii
93.6%
Boston, Massachusetts
91.9%
Albany, New York
89%
Tallahassee, Florida
88.9%
Oklahoma City, Oklahoma
87.5%
Atlanta, Georgia
86.2%
Juneau, Alaska
85.5%
Baton Rouge, Louisiana
85.3%
Indianapolis, Indiana
85.1%
Salt Lake City, Utah
84.2%
Boise, Idaho
84.1%
Denver, Colorado
83.8%
Nashville, Tennessee
83.7%
Phoenix, Arizona
82.2%
Springfield, Illinois
80.7%
Columbus, Ohio
80.5%
Raleigh, North Carolina
79.4%
Carson City, Nevada
78.1%
Dover, Delaware
78.1%
Trenton, New Jersey
77.2%
Olympia, Washington
77.1%
Saint Paul, Minnesota
76.1%
Salem, Oregon
75.5%
% Correct
Santa Fe, New Mexico
74.9%
Lansing, Michigan
74%
Little Rock, Arkansas
73.5%
Helena, Montana
73.4%
Providence, Rhode Island
72.7%
Augusta, Maine
72.5%
Richmond, Virginia
71.6%
Jackson, Mississippi
71.2%
Annapolis, Maryland
70.5%
Madison, Wisconsin
70.4%
Hartford, Connecticut
70%
Lincoln, Nebraska
68.2%
Harrisburg, Pennsylvania
68%
Des Moines, Iowa
67.5%
Cheyenne, Wyoming
65.3%
Topeka, Kansas
64.4%
Montgomery, Alabama
64.3%
Montpelier, Vermont
63.3%
Columbia, South Carolina
63%
Frankfort, Kentucky
62.2%
Pierre, South Dakota
61.3%
Bismarck, North Dakota
61.1%
Charleston, West Virginia
59.2%
Concord, New Hampshire
57.4%
Jefferson City, Missouri
57.2%

You're not logged in!

Compare scores with friends on all Sporcle quizzes.
OR
Log In

From the Vault

1980s Television: 10 to 1 Sorting Gallery

by DIEGO1000

If you were alive during the '80s, you'll have a distinct advantage here.
Remove Ads.
Support Sporcle.
Get the best of Sporcle when you Go Orange. This ad-free experience offers more features, more stats, and more fun while also helping to support Sporcle. Thank you for becoming a member.

Show Comments

Extras

Top Quizzes Today


Score Distribution

Your Account Isn't Verified!

In order to create a playlist on Sporcle, you need to verify the email address you used during registration. Go to your Sporcle Settings to finish the process.

Report this User

Report this user for behavior that violates our Community Guidelines.

Details: